[Event "Andalucia-chA"]
[Site "Algeciras"]
[Date "2018.05.20"]
[Round "8"]
[White "De Dios Dorado, Ana"]
[Black "Cortes Villa, Jaime"]
[Result "1/2-1/2"]
[WhiteElo "1885"]
[BlackElo "1645"]
[PlyCount "150"]
[EventDate "2018.05.12"]
[EventType "swiss"]
[EventRounds "8"]
[EventCountry "ESP"]
[SourceTitle "EXT 2020"]
[Source "ChessBase"]
[SourceDate "2019.10.17"]
[SourceVersion "1"]
[SourceVersionDate "2019.10.17"]
[SourceQuality "1"]

1. e4 c5 2. Nf3 a6 3. Nc3 b5 4. a3 Bb7 5. d3 d6 6. g3 Nc6 7. Bg2 g6 8. 0-0 Bg7 9. Ne2 e6 10. c3 Nge7 11. d4 cxd4 12. Nfxd4 Nxd4 13. Nxd4 0-0 14. a4 Nc6 15. Be3 Nxd4 16. Bxd4 Bxd4 17. Qxd4 d5 18. exd5 Bxd5 19. Bxd5 Qxd5 20. Qxd5 exd5 21. Rfd1 bxa4 22. Rxd5 Rfb8 23. Rd2 Rb6 24. Rxa4 Rab8 25. Ra2 Kg7 26. Kf1 Re6 27. Re2 Rd6 28. Kg2 h5 29. h4 Rb5 30. b4 Rc6 31. Rec2 Rb7 32. Kf3 Kf6 33. Ke4 Ke6 34. Re2 Rd7 35. Re3 Rdc7 36. Ra3 Rd6 37. Ra5 Rc4+ 38. Kf3+ Kf6 39. Ke2 Rc7 40. Rf3+ Kg7 41. Rd3 Rf6 42. f4 Rb6 43. Kd2 Kf6 44. Rad5 Ke6 45. R5d4 Ra7 46. Re3+ Kf6 47. Red3 Ke6 48. Kc2 a5 49. bxa5 Rxa5 50. Rb4 Rba6 51. Re3+ Kf6 52. Kd3 Rd6+ 53. Rd4 Rc6 54. Kc2 Rb6 55. Rb4 Rba6 56. Re1 Ra2+ 57. Rb2 R2a5 58. Reb1 Kf5 59. Rb5+ Kg4 60. Rxa5 Rxa5 61. Rg1 Kf3 62. Kb3 Kf2 63. Rc1 Kxg3 64. c4 Kxh4 65. c5 Ra8 66. Rf1 Kg4 67. Kb4 h4 68. c6 h3 69. Kc5 h2 70. c7 Kg3 71. Rb1 Kg2 72. Rb2+ Kg3 73. Rb3+ Kh4 74. Rb1 Kg3 75. Rb3+ Kh4 1/2-1/2

[Event "Andalucia-chA"]
[Site "Algeciras"]
[Date "2018.05.19"]
[Round "5"]
[White "Millan Gutierrez, Zoilo"]
[Black "De Dios Dorado, Ana"]
[Result "1/2-1/2"]
[WhiteElo "1845"]
[BlackElo "1885"]
[PlyCount "58"]
[EventDate "2018.05.12"]
[EventType "swiss"]
[EventRounds "8"]
[EventCountry "ESP"]
[SourceTitle "EXT 2020"]
[Source "ChessBase"]
[SourceDate "2019.10.17"]
[SourceVersion "1"]
[SourceVersionDate "2019.10.17"]
[SourceQuality "1"]

1. e4 e5 2. d4 exd4 3. c3 d5 4. exd5 Qxd5 5. cxd4 Nc6 6. Nf3 Bb4+ 7. Nc3 Bg4 8. Be2 Bxf3 9. Bxf3 Qc4 10. Bxc6+ Qxc6 11. 0-0 Ne7 12. Be3 0-0 13. Qb3 Bd6 14. Rac1 Qd7 15. Ne4 c6 16. Bg5 Rab8 17. Qf3 Nd5 18. Rfe1 Rfe8 19. Bh4 Bf4 20. Rcd1 Qc7 21. h3 Qb6 22. Nc3 Nxc3 23. bxc3 Qc7 24. Qg4 Kh8 25. Qf5 Bd6 26. Qf3 Bh2+ 27. Kh1 Qf4 28. Bg3 Bxg3 29. Qxg3 Qxg3 1/2-1/2

[Event "Andalucia-chA"]
[Site "Algeciras"]
[Date "2018.05.18"]
[Round "4"]
[White "De Dios Dorado, Ana"]
[Black "Sobrino Forte, Alvaro"]
[Result "1/2-1/2"]
[WhiteElo "1885"]
[BlackElo "1903"]
[PlyCount "111"]
[EventDate "2018.05.12"]
[EventType "swiss"]
[EventRounds "8"]
[EventCountry "ESP"]
[SourceTitle "EXT 2020"]
[Source "ChessBase"]
[SourceDate "2019.10.17"]
[SourceVersion "1"]
[SourceVersionDate "2019.10.17"]
[SourceQuality "1"]

1. e4 c5 2. Nf3 Nc6 3. d4 cxd4 4. Nxd4 Nf6 5. Nc3 d6 6. Bc4 e6 7. Be3 a6 8. Qe2 Qc7 9. Bb3 Na5 10. 0-0-0 b5 11. f3 Nd7 12. Rhe1 Nxb3+ 13. axb3 Be7 14. f4 b4 15. Na4 Nc5 16. Bd2 Rb8 17. e5 Nxa4 18. bxa4 b3 19. Bc3 bxc2 20. Qxc2 dxe5 21. fxe5 0-0 22. Rd3 Bb7 23. Rh3 g6 24. Qd2 h5 25. Qh6 Bd5 26. Nf5 exf5 27. e6 Bf6 28. Rxh5 fxe6 29. Qh8+ Bxh8 30. Rxh8+ Kf7 31. Rh7+ Ke8 32. Rxc7 Rf7 33. Rc5 Kd7 34. g3 Rc8 35. Rxc8 Kxc8 36. Be5 Rb7 37. a5 g5 38. Rf1 g4 39. Rf2 Kd7 40. Bc3 Rc7 41. Kd2 Rc4 42. Ke3 Re4+ 43. Kd2 Bc4 44. Bb4 Bb5 45. Bc3 Bc6 46. Kd3 Kd6 47. Kc2 Rc4 48. Kd3 Re4 49. Kc2 Bb5 50. Kd2 Ke7 51. Kc2 Kd7 52. Kd2 Kc6 53. Bf6 Kd5 54. Bc3 Rc4 55. Kc2 Rc6 56. Kd2 1/2-1/2

[Event "Andalucia-chA"]
[Site "Roquetas de Mar"]
[Date "2017.05.19"]
[Round "4"]
[White "Esquivias Quintero, Luis Manuel"]
[Black "De Dios Dorado, Ana"]
[Result "1-0"]
[WhiteElo "2181"]
[BlackElo "1848"]
[PlyCount "67"]
[EventDate "2017.05.13"]
[EventType "swiss"]
[EventRounds "8"]
[EventCountry "ESP"]
[SourceTitle "EXT 2020"]
[Source "ChessBase"]
[SourceDate "2019.10.17"]
[SourceVersion "1"]
[SourceVersionDate "2019.10.17"]
[SourceQuality "1"]

1. e4 e5 2. Nf3 Nc6 3. Bb5 a6 4. Ba4 Nf6 5. 0-0 Be7 6. d3 b5 7. Bb3 d6 8. a4 b4 9. a5 0-0 10. Nbd2 Nd4 11. Nxd4 exd4 12. f4 Nd7 13. Nf3 Bf6 14. Qe1 Rb8 15. Qf2 c5 16. g4 Kh8 17. g5 Be7 18. f5 Ne5 19. Nxe5 dxe5 20. f6 gxf6 21. gxf6 Rg8+ 22. Kh1 Bh3 23. fxe7 Qxe7 24. Qf6+ Qxf6 25. Rxf6 Rg4 26. Rf2 Rbg8 27. Bh6 R8g6 28. Bf8 Bg2+ 29. Rxg2 Rxg2 30. Bxf7 R6g4 31. Be6 Rg6 32. Bf5 Rg8 33. Bd6 R8g5 34. Be7 1-0

[Event "Andalucia-chA"]
[Site "Roquetas de Mar"]
[Date "2017.05.14"]
[Round "3"]
[White "De Dios Dorado, Ana"]
[Black "Anillo Fernandez, Isabel Maria"]
[Result "1-0"]
[WhiteElo "1848"]
[BlackElo "1943"]
[PlyCount "115"]
[EventDate "2017.05.13"]
[EventType "swiss"]
[EventRounds "8"]
[EventCountry "ESP"]
[SourceTitle "EXT 2020"]
[Source "ChessBase"]
[SourceDate "2019.10.17"]
[SourceVersion "1"]
[SourceVersionDate "2019.10.17"]
[SourceQuality "1"]

1. e4 e5 2. Nf3 Nc6 3. Bb5 a6 4. Ba4 Nf6 5. d4 exd4 6. 0-0 Be7 7. e5 Ne4 8. Nxd4 Nc5 9. Nxc6 bxc6 10. Bb3 Nxb3 11. axb3 d5 12. exd6 cxd6 13. Qf3 d5 14. Qc3 0-0 15. Qxc6 Rb8 16. Bf4 Bb7 17. Qa4 Rc8 18. c3 Bc5 19. Be5 Rc6 20. Nd2 Rg6 21. Bg3 d4 22. cxd4 Bxd4 23. Kh1 Qb6 24. Nc4 Qe6 25. Na5 Bxb2 26. Rab1 Rg4 27. Qa2 Bxg2+ 28. Kxg2 Be5 29. Rbe1 Qd5+ 30. Kh3 Rg5 31. f3 Bc3 32. Rd1 Qe6+ 33. Kg2 Rxa5 34. Qc2 Qf6 35. Rd6 Qf5 36. Qxc3 Rc5 37. Qd3 Rc2+ 38. Rf2 Rxf2+ 39. Kxf2 Qc5+ 40. Kg2 h6 41. Rd8 Rxd8 42. Qxd8+ Kh7 43. Qd3+ g6 44. Qc4 Qf5 45. b4 h5 46. Qxa6 Qc2+ 47. Bf2 Qf5 48. Qa5 Qf4 49. Qc5 Qd2 50. b5 g5 51. b6 h4 52. b7 h3+ 53. Kxh3 Qd7+ 54. Kg2 Qxb7 55. Qf5+ Kh6 56. Qf6+ Kh5 57. Be3 Qd5 58. h4 1-0

[Event "Sevilla-ch U18"]
[Site "Utrera"]
[Date "2012.03.04"]
[Round "6"]
[White "De la Puerta Cresis, Javier"]
[Black "De Dios Dorado, Ana"]
[Result "1-0"]
[WhiteElo "1999"]
[BlackElo "1709"]
[PlyCount "81"]
[EventDate "2012.01.29"]
[EventType "swiss"]
[EventRounds "7"]
[EventCountry "ESP"]
[SourceTitle "EXT 2014"]
[Source "ChessBase"]
[SourceDate "2013.11.20"]
[SourceVersion "1"]
[SourceVersionDate "2013.11.20"]
[SourceQuality "1"]

1. e4 e5 2. Nf3 Nc6 3. Bb5 a6 4. Ba4 Nf6 5. 0-0 Be7 6. Re1 b5 7. Bb3 d6 8. c3 0-0 9. h3 Bb7 10. d4 Re8 11. Nbd2 Bf8 12. Bc2 g6 13. Nf1 exd4 14. cxd4 Nb4 15. Ng3 Nxc2 16. Qxc2 Nd7 17. Bf4 Rc8 18. Rad1 d5 19. e5 c5 20. Qd2 Bg7 21. Bh6 cxd4 22. Bxg7 Kxg7 23. Qf4 Qe7 24. Nxd4 Kh8 25. e6 fxe6 26. Rxe6 Qf8 27. Qg4 Ne5 28. Qg5 Nf7 29. Qh4 Qh6 30. Qf6+ Qg7 31. Qf4 Qg8 32. Rde1 Rxe6 33. Nxe6 h6 34. h4 Re8 35. h5 Bc8 36. Qf6+ Kh7 37. hxg6+ Qxg6 38. Qxg6+ Kxg6 39. Nf4+ Kg5 40. Rxe8 Kxf4 41. Rxc8 1-0

[Event "Andalucia-ch U18"]
[Site "Almeria"]
[Date "2011.04.16"]
[Round "1.4"]
[White "Moral Garcia, Serafin"]
[Black "De Dios Dorado, Ana"]
[Result "1-0"]
[WhiteElo "2169"]
[BlackElo "1711"]
[PlyCount "59"]
[EventDate "2011.04.16"]
[EventType "swiss"]
[EventRounds "8"]
[EventCountry "ESP"]
[SourceTitle "EXT 2024"]
[Source "ChessBase"]
[SourceDate "2023.10.10"]
[SourceVersion "1"]
[SourceVersionDate "2023.10.10"]
[SourceQuality "1"]

1. e4 e5 2. Nf3 Nc6 3. Bb5 a6 4. Bxc6 dxc6 5. 0-0 f6 6. d4 exd4 7. Nxd4 c5 8. Ne2 Qxd1 9. Rxd1 Bd7 10. Nbc3 Bd6 11. Bf4 Bxf4 12. Nxf4 0-0-0 13. Rd2 Ne7 14. Rad1 Nc6 15. f3 Rhe8 16. Kf2 b6 17. g4 Ne5 18. b3 Nc6 19. Ncd5 Be6 20. h4 Bd7 21. Nh5 Rg8 22. Ndf4 a5 23. Rg1 Ne5 24. g5 f5 25. Rd5 Rde8 26. exf5 Bxf5 27. Re1 Nxf3 28. Rxe8+ Rxe8 29. Rxf5 Nxh4 30. Rf7 1-0